| 000 | 00703nam a2200253 a 4500 | ||
|---|---|---|---|
| 003 | AR-BaBNM | ||
| 005 | 20251128204542.0 | ||
| 008 | 082120s2002 ||||||||||||||000 | spa|| | ||
| 040 | _cAR-BaBNM | ||
| 110 | 2 | _aFundaçao Biblioteca Nacional | |
| 245 | 0 | 0 | _aA book of days for the brazilian literary year |
| 260 |
_aRio de Janeiro _bFundaçao Biblioteca Nacional _bMinisterio da Cultura _c1983 |
||
| 300 |
_ap. om. _bil. |
||
| 650 | 4 | _aHISTORIA LITERARIA | |
| 650 | 4 | _aLITERATURA LATINOAMERICANA | |
| 650 | 4 | _aCRONOLOGIA | |
| 650 | 4 | _aCALENDARIOS | |
| 650 | 4 | _aESCRITORES | |
| 650 | 4 | _aBIOGRAFIAS | |
| 653 | _aLITERATURA BRASILEÑA | ||
| 655 | _aLITERATURA | ||
| 942 | _cBK | ||
| 998 | _cMARTIN | ||
| 999 |
_c7893 _d7893 |
||